The Cambridge handbook of situated cognition (Record no. 302123)

MARC details
000 -LEADER
fixed length control field 00636nam a2200205Ia 4500
008 - FIXED-LENGTH DATA ELEMENTS--GENERAL INFORMATION
fixed length control field 191130s2009##################000#0#eng##
020 ## - INTERNATIONAL STANDARD BOOK NUMBER
ISBN 9780521848329
082 ## - DEWEY DECIMAL CLASSIFICATION NUMBER
Classification number 153 ROB
245 ## - TITLE STATEMENT
Title The Cambridge handbook of situated cognition
Statement of responsibility, etc edited by Philip Robbins, Murat Aydede
260 ## - PUBLICATION, DISTRIBUTION, ETC. (IMPRINT)
Place of publication Cambridge
Name of publisher Cambridge University Press
Year of publication 2009
300 ## - PHYSICAL DESCRIPTION
Number of Pages xi, 520 p. : ill. 26 cm.
500 ## - GENERAL NOTE
General note Includes bibliographical references and index
650 ## - SUBJECT ADDED ENTRY--TOPICAL TERM
Topical Term Cognition
700 ## - ADDED ENTRY--PERSONAL NAME
Personal name Aydede, Murat
Personal name Robbins, Philip
991 ## -
-- 213593
Holdings
Withdrawn status Lost status Damaged status Not for loan Home library Current library Shelving location Date acquired Full call number Accession Number Price effective from Koha item type
        Anna Centenary Library Anna Centenary Library 3RD FLOOR, A WING 15.10.2020 153 ROB 244272 15.10.2020 English Books

Find us on the map